Bad hobby : poems /

Bad Hobby is a hard-earned meditation on questions about lineage, caregiving, loss and poetry.

Bibliographic Details
Main Author: Fagan, Kathy (Author)
Format: Book
Language:English
Published: Minneapolis : Milkweed Editions, [2022].
Edition:First edition.
Subjects:

MARC

Tag First Indicator Second Indicator Subfields
LEADER 00000cam a2200000 i 4500
001 in00004600421
003 OCoLC
005 20230118195404.2
008 220225t20222022mnuc 000 p eng
010 |a  2022005010 
040 |a DLC  |e rda  |c DLC 
019 |a 1292523485  |a 1292564617 
020 |a 9781571315458  |q (trade paperback) 
020 |a 1571315454  |q (trade paperback) 
020 |z 9781571317612  |q (ebook) 
035 |a (OCoLC)1292590130 
050 0 0 |a PS3556.A326  |b B33 2022 
082 0 0 |a 811/.54  |2 23 
100 1 |a Fagan, Kathy,  |e author. 
245 1 0 |a Bad hobby :  |b poems /  |c Kathy Fagan. 
250 |a First edition. 
264 1 |a Minneapolis :  |b Milkweed Editions,  |c [2022]. 
264 4 |c ©2022. 
300 |a 96 pages :  |b portrait ;  |c 22 cm. 
336 |a text  |b txt  |2 rdacontent 
337 |a unmediated  |b n  |2 rdamedia 
338 |a volume  |b nc  |2 rdacarrier 
520 |a Bad Hobby is a hard-earned meditation on questions about lineage, caregiving, loss and poetry. 
541 |a Poetry browsing collection : gift of Eleanor Weinbaum family. 
650 0 |a American poetry. 
945 |b 497167 
947 |a A14851365230 
980 |b print  |c 40031385254  |f LIT/B  |g 565714  |k USD  |m 12.96  |q 1  |s AcqMono Conventional  |t Approval plan  |u Vendor order reference number  |v ZYBP  |y Print approval  |z Physical resource 
999 f f |i 4c5730a1-732f-424f-892f-c4ff3e2dcfcd  |s 6c91dd69-4f16-438f-9cfd-257ccc621566  |t 0 
952 f f |p normal  |a Texas A&M University  |b College Station  |c Sterling C. Evans Library  |s Evans wein  |d Evans: Weinbaum Poetry Collection (1st floor)  |t 0  |e PS3556.A326 B33 2022  |h Library of Congress classification  |i unmediated -- volume  |m A14851365230